000 00439nam a2200145Ia 4500
008 210716s2015 xx 000 0 und d
020 _a9788120350854
041 _aeng
082 _a152.4 MANS
100 _aMangal, S K; Mangal, Shubhra.
245 _aEmotional intelligence: managing emotions to win in life.
_bManaging emotions to win in life.
250 _a1
260 _aNew Delhi
_bPHI Learning Pvt Ltd
_c2015
300 _axvii,310
999 _c209832
_d209832